| 000 | 00849cam a2200265 4500 | ||
|---|---|---|---|
| 001 | 855 | ||
| 003 | OCoLC | ||
| 005 | 20181127162210.0 | ||
| 008 | 010511r20011999nyu 000 1 eng d | ||
| 010 | _z99032493 | ||
| 020 | _a0452282152 (pbk.) | ||
| 043 | _ae-ne--- | ||
| 100 | 1 | _aChevalier, Tracy. | |
| 245 | 1 | 0 |
_aGirl with a pearl earring / _cTracy Chevalier. |
| 260 |
_aNew York : _bPlume, _c2001. |
||
| 300 |
_a233 p. ; _c20 cm. |
||
| 500 | _aOriginally published: New York : Dutton, c1999. | ||
| 600 | 1 | 0 |
_aVermeer, Johannes, _d1632-1675 _vFiction. |
| 650 | 0 |
_aArtists's models _vFiction. |
|
| 650 | 0 |
_aWomen household employees _vFiction. |
|
| 651 | 0 |
_aDelft (Netherlands) _vFiction. |
|
| 651 | 0 |
_aNetherlands _xSocial life and customs _y17th century _vFiction. |
|
| 655 | 7 |
_aBiographical fiction. _2lcsh. |
|
| 655 | 7 |
_aHistorical fiction. _2gsafd. |
|
| 999 |
_c611 _d611 |
||